Chemical weapons and nuclear non-proliferation implication for asia pacific / (Record no. 156546)

MARC details
000 -LEADER
fixed length control field 00656nam a22001937a 4500
005 - DATE AND TIME OF LATEST TRANSACTION
control field 20180829120556.0
010 ## - LCCN (DPL NO)
LC control number ENG-123787
020 ## - INTERNATIONAL STANDARD BOOK NUMBER
International Standard Book Number 9789383316793
Terms of availability 1395.00
035 ## - SYSTEM CONTROL NUMBER
System control number EN-107319
037 ## - SOURCE OF ACQUISITION
Source of stock number/acquisition DBAD/PUB
082 ## - DEWEY DECIMAL CLASSIFICATION NUMBER
Classification number 358.3482091823
100 ## - MAIN ENTRY--PERSONAL NAME
Personal name Sareen, C.D.
245 ## - TITLE STATEMENT
Title Chemical weapons and nuclear non-proliferation implication for asia pacific /
Statement of responsibility, etc by C.D. Sareen
260 ## - PUBLICATION, DISTRIBUTION, ETC. (IMPRINT)
Place of publication, distribution, etc Delhi
Name of publisher, distributor, etc Gaurav Book Centre
Date of publication, distribution, etc 2017
270 ## - ADDRESS
Address 4832/24, Prahlad Lane, S-207, Ansari Road, Daryaganj,
City Delhi
Postal code 110002
300 ## - PHYSICAL DESCRIPTION
Extent 320p.
Dimensions 22cm.(Hb)
500 ## - GENERAL NOTE
General note It includes bibliography and index
942 ## - ADDED ENTRY ELEMENTS (KOHA)
Source of classification or shelving scheme Dewey Decimal Classification
Item type English Books
Classification part 358.3482091823
Call number suffix SAR
Holdings
Withdrawn status Lost status Not for loan Collection code Home library Current library Date acquired Source of acquisition Cost, normal purchase price Full call number Barcode Copy number Cost, replacement price Koha item type
    Not For Loan Non-fiction D.B.Act.Division Bawana 29/08/2018 DBAD/PUB 1395.00 358.3482091823 SAR EN-107319 1 1395.00 English Books

© Delhi Public Library
Hit Counter
free hit counter